00293nam a2200109Ia 4500008004100000082001600041100002100057245003400078250000800112260002300120650004000143150201s2009 xx 000 0 und d a610.7bA09S aSRIVASTAVA,RAJIV aACCIDENT & EMERGENCY SERVICES a1ST bAITBSaDELHIc2009 aOTHER CLINICAL & NON CLINICAL BOOKS